Implicit land taxation and affordable housing provision in England (Record no. 80503)
[ view plain ]
| 000 -LEADER | |
|---|---|
| fixed length control field | 01267cab a22002175a 4500 |
| 001 - CONTROL NUMBER | |
| control field | L144508 |
| 008 - FIXED-LENGTH DATA ELEMENTS--GENERAL INFORMATION | |
| fixed length control field | 080723s2008 xxk f 000 0 eng d |
| 022 ## - INTERNATIONAL STANDARD SERIAL NUMBER | |
| International Standard Serial Number | 02673037 |
| 035 ## - SYSTEM CONTROL NUMBER | |
| System control number | (Sirsi) u144508 |
| 041 0# - LANGUAGE CODE | |
| Language code of text/sound track or separate title | eng |
| 100 1# - MAIN ENTRY--PERSONAL NAME | |
| Personal name | Oxley, Michael |
| 245 00 - TITLE STATEMENT | |
| Title | Implicit land taxation and affordable housing provision in England |
| 260 ## - PUBLICATION, DISTRIBUTION, ETC. | |
| Date of publication, distribution, etc. | 2008 |
| 490 ## - SERIES STATEMENT | |
| Series statement | Housing Studies |
| Volume/sequential designation | (23)4 July 2008, 661-671(11) |
| 520 ## - SUMMARY, ETC. | |
| Summary, etc. | Paper considers the possibility that it remain a continuing requirement for residential developers in England to contribute to the supply of affordable housing in return for planning permission and that this should operate alongisde a new system of taxation for land value increases as a result of planning permission. Asks whether it is right to implicitly tax development in the pursuit of affordable housing and suggests that developers should no longer be taxed implicitly after explicit charging is introduced. Asserts that the link between affordable housing and planning obligations should be broken. |
| 650 24 - SUBJECT ADDED ENTRY--TOPICAL TERM | |
| Topical term or geographic name entry element | BARKER REVIEW OF HOUSING SUPPLY: SECURING OUR FUTURE HOUSING NEEDS |
| 650 24 - SUBJECT ADDED ENTRY--TOPICAL TERM | |
| Topical term or geographic name entry element | TOWN AND COUNTRY PLANNING ACT 1990 S106 |
| 651 #4 - SUBJECT ADDED ENTRY--GEOGRAPHIC NAME | |
| Geographic name | England and Wales |
| Chronological subdivision | 1543- |
| 690 ## - LOCAL SUBJECT ADDED ENTRY--TOPICAL TERM (OCLC, RLIN) | |
| Topical term or geographic name as entry element | Residential property |
| 9 (RLIN) | 6266 |
| 942 ## - ADDED ENTRY ELEMENTS (KOHA) | |
| Suppress in OPAC | 0 |
| Withdrawn status | Lost status | Source of classification or shelving scheme | Damaged status | Not for loan | Home library | Current library | Shelving location | Date acquired | Total Checkouts | Full call number | Barcode | Date last seen | Copy number | Price effective from | Koha item type |
|---|---|---|---|---|---|---|---|---|---|---|---|---|---|---|---|
| Dewey Decimal Classification | London | London | Journal article | 23/07/2008 | L144508 | 144508-1001 | 06/08/2019 | 1 | 06/08/2019 | Journal article |